The human venture : (Record no. 8127)
[ view plain ]
| 000 -LEADER | |
|---|---|
| fixed length control field | 00551nam a2200157 4500 |
| 008 - FIXED-LENGTH DATA ELEMENTS--GENERAL INFORMATION | |
| fixed length control field | 171213b xxu||||| |||| 00| 0 eng d |
| 020 ## - INTERNATIONAL STANDARD BOOK NUMBER | |
| International Standard Book Number | 9780131906877 |
| 082 ## - DEWEY DECIMAL CLASSIFICATION NUMBER | |
| Edition number | 1996 |
| Classification number | DC 909.07 |
| Item number | Es4 |
| 100 ## - MAIN ENTRY--PERSONAL NAME | |
| 9 (RLIN) | 25152 |
| Personal name | Esler, Anthony, author. |
| 245 ## - TITLE STATEMENT | |
| Title | The human venture : |
| Remainder of title | the great enterprise: a world history to 1500 / |
| Statement of responsibility, etc. | Anthony Esler. |
| 260 ## - PUBLICATION, DISTRIBUTION, ETC. (IMPRINT) | |
| Place of publication, distribution, etc. | Upper Saddle River, N.J : |
| Name of publisher, distributor, etc. | Prentice Hall, |
| Date of publication, distribution, etc. | ©1996. |
| 300 ## - PHYSICAL DESCRIPTION | |
| Extent | xiv, 363 pages : |
| Other physical details | illustrations ; |
| Dimensions | 26 cm. |
| 500 ## - GENERAL NOTE | |
| General note | Includes index. |
| 650 #0 - SUBJECT ADDED ENTRY--TOPICAL TERM | |
| 9 (RLIN) | 25153 |
| Topical term or geographic name as entry element | Civilization |
| General subdivision | History |
| 942 ## - ADDED ENTRY ELEMENTS (KOHA) | |
| Source of classification or shelving scheme | Dewey Decimal Classification |
| Koha item type | Circulation |
| Withdrawn status | Lost status | Source of classification or shelving scheme | Damaged status | Not for loan | Collection code | Home library | Current library | Date acquired | Source of acquisition | Total Checkouts | Full call number | Barcode | Date last seen | Price effective from | Koha item type |
|---|---|---|---|---|---|---|---|---|---|---|---|---|---|---|---|
| Dewey Decimal Classification | Circulation | UM Digos College - LIC | UM Digos College - LIC | 10/05/1996 | Purchased | DC 909.07 Es4 1996 | 12121 | 05/15/2025 | 12/13/2017 | Circulation |
